Anne polaire internationale 1932-33 (Record no. 61)
[ view plain ]
| 000 -LEADER | |
|---|---|
| fixed length control field | 00490nam a2200169Ia 4500 |
| 003 - CONTROL NUMBER IDENTIFIER | |
| control field | IN-BaIIA |
| 008 - FIXED-LENGTH DATA ELEMENTS--GENERAL INFORMATION | |
| fixed length control field | 211028s9999 xx 000 0 eng d |
| 040 ## - CATALOGING SOURCE | |
| Transcribing agency | IIA Library |
| 080 ## - UNIVERSAL DECIMAL CLASSIFICATION NUMBER | |
| Universal Decimal Classification number | 910.4 |
| Item number | LAU |
| 100 ## - MAIN ENTRY--PERSONAL NAME | |
| Personal name | Laursen, Viggo |
| 9 (RLIN) | 46 |
| 245 #0 - TITLE STATEMENT | |
| Title | Anne polaire internationale 1932-33 |
| Remainder of title | observations faites a thule |
| Statement of responsibility, etc. | Viggo Laursen |
| 260 ## - PUBLICATION, DISTRIBUTION, ETC. | |
| Place of publication, distribution, etc. | Copenhagen |
| Name of publisher, distributor, etc. | I Kommission Hos G E G Gad |
| Date of publication, distribution, etc. | 1943 |
| 300 ## - PHYSICAL DESCRIPTION | |
| Extent | xxix, 53p. |
| 650 ## - SUBJECT ADDED ENTRY--TOPICAL TERM | |
| Topical term or geographic name entry element | Geomagnetism |
| 9 (RLIN) | 47 |
| 650 ## - SUBJECT ADDED ENTRY--TOPICAL TERM | |
| Topical term or geographic name entry element | Greenland- Qaanaaq |
| 9 (RLIN) | 48 |
| 942 ## - ADDED ENTRY ELEMENTS (KOHA) | |
| Koha item type | Books |
| Withdrawn status | Lost status | Damaged status | Not for loan | Home library | Current library | Shelving location | Date acquired | Total Checkouts | Full call number | Barcode | Date last seen | Price effective from | Koha item type |
|---|---|---|---|---|---|---|---|---|---|---|---|---|---|
| IIA Library-Bangalore | IIA Library-Kodaikanal | General Stacks | 910.4/ LAU | 13 | 05/11/2021 | Books |